000 02261nam a2200337 a 4500
001 BRCA_3202
005 20190320204148.0
008 190209s1742----enka---###---#000-0deng-u
041 _aeng
044 _aenk
084 _a503
_b.T66
_c1742
100 1 _aCervantes Saavedra, Miguel de
_d1547-1616
_9213
245 1 0 _aThe Life and Exploits of the Ingenious Gentleman Don Quixote de la Mancha
_cMiguel de Cervantes Saavedra.
260 _aLondres
_bJ. y R. Tonson
_c1742
300 _a2 v. en 4 tomos
_bil.
_c32 cm.
500 _aContenido : v 1. Primera parte. Prefacio del traductor. Advertencia por John Olfield. Retrato de Cervantes por Kent. Vida de Cervantes por Mayáns, traducida por Ozell. Prólogo del autor. Texto. -- v 2. Segunda parte. Prólogo del autor. Texto
500 _aEdición : Translated from the Original Spanish of by Charles Jarvis. Illustrated by Vanderbank
500 _aTraducción de Jarvis, relativamente fiel al original. Ha tomado mucho de Shelton limándolo y mejorándolo muchas veces. Puso también notas históricas y explicativas del texto, en las que descubre alusiones y sátiras contra la aristocracia y clero españoles. Contiene la vida de Cervantes escrita por Gregorio Mayáns y traducida por Ozell. Va precedida del retrato de Cervantes dibujado por Kent, y está adornada con láminas de Vanderbank, tomadas del modelo español impreso en Londres, en 1738. Suprime las dos dedicatorias cervantinas. Aunque no supera a la edición española, está lujosamente presentada, y entrambas son, desde este punto de vista, las más notables de las hasta entonces publicadas. Semipiel; lomos decorados con filetes dorados Lúdovik Osterc
500 _aCon ex - libris de : T. Faifax Best Norton
500 _aQM408
546 _aTexto en : inglés
650 1 4 _aNovela española
_yÉpoca clásica, 1500-1700
_9215
650 1 4 _aLiteratura española
_yÉpoca clásica, 1500-1700
_9216
650 1 4 _aNovela española
_ySiglo XVII
_9217
650 1 4 _aDon Quijote (Personaje ficticio)
_eNovela
_9218
700 1 _aMayans I. Siscar, Gregorio
_d1699-1781
_eBiógrafo
_98577
700 1 _aOzell, John
_d?-1743
_eAnotador
_98578
740 0 _aEl Ingenioso Hidalgo Don Quijote de la Mancha
902 _aQFM
942 _2lcc
_cB
999 _c2938
_d2938